[Event "POR-chT 1st League 2017"]
[Site "Leiria"]
[Date "2017.07.22"]
[Round "8"]
[White "Trindade, Rui Jorge Rodrigues"]
[Black "Diogo, Vasco"]
[Result "1-0"]
[WhiteElo "2033"]
[BlackElo "2213"]
[Annotator "NA"]
[PlyCount "90"]
[EventDate "2017.??.??"]
[EventType "team-tourn"]
[EventCountry "POR"]
[SourceTitle "playchess.com"]
[Source "ChessBase"]
[SourceQuality "1"]
[TimeControl "5400+30"]

1. d4 {[%emt 0:00:00]} Nf6 {[%emt 0:00:09]} 2. Nf3 {[%emt 0:00:00]} g6 {[%emt 0:00:08]} 3. Bf4 {[%emt 0:00:52]} Bg7 {[%emt 0:00:19]} 4. e3 {[%emt 0:00:35]} O-O {[%emt 0:00:46]} 5. Be2 {[%emt 0:00:35]} b6 {[%emt 0:02:20]} 6. O-O {[%emt 0:00:55]} Bb7 {[%emt 0:00:19]} 7. c4 {[%emt 0:01:01]} d6 {[%emt 0:00:20]} 8. h3 {[%emt 0:02:19]} Nbd7 {[%emt 0:00:34]} 9. Nc3 {[%emt 0:00:23]} Re8 {[%emt 0:03:59]} 10. Qc2 {[%emt 0:04:43]} e5 {[%emt 0:05:16]} 11. dxe5 {[%emt 0:00:16]} dxe5 {[%emt 0:03:40]} 12. Bh2 {[%emt 0:00:34]} Qe7 {[%emt 0:08:31]} 13. Rad1 {[%emt 0:01:24]} c6 {[%emt 0:01:39]} 14. a3 {[%emt 0:03:56]} a5 {[%emt 0:02:35]} 15. Rd2 e4 {[%emt 0:14:51]} 16. Nd4 Ne5 17. Qb3 {[%emt 0:17:38]} c5 {[%emt 0:04:55]} 18. Ndb5 {[%emt 0:00:40]} Nf3+ {[%emt 0:01:56]} 19. Bxf3 {[%emt 0:04:46]} exf3 {[%emt 0:00:07]} 20. Nc7 {[%emt 0:00:27]} fxg2 {[%emt 0:03:45]} 21. Rfd1 {[%emt 0:01:54]} Bf3 {[%emt 0:05:35]} 22. Nxe8 {[%emt 0:03:32]} Nxe8 {[%emt 0:23:09]} 23. Qxb6 {[%emt 0:03:15]} Bxc3 {[%emt 0:03:31]} 24. bxc3 {[%emt 0:00:42]} Bxd1 {[%emt 0:00:36]} 25. Rxd1 {[%emt 0:00:07]} Kg7 {[%emt 0:02:07]} 26. Qc6 {[%emt 0:00:56]} Ra7 {[%emt 0:02:17]} 27. Rd5 {[%emt 0:02:44]} Qe6 {[%emt 0:05:47]} 28. Qxe6 {[%emt 0:03:45]} fxe6 {[%emt 0:00:02]} 29. Be5+ {[%emt 0:00:19]} Kf7 {[%emt 0:00:06]} 30. Rxc5 {[%emt 0:00:12]} Nf6 {[%emt 0:01:42]} 31. Bxf6 {[%emt 0:00:09]} Kxf6 {[%emt 0:00:02]} 32. Kxg2 {[%emt 0:00:07]} Ke7 {[%emt 0:01:39]} 33. a4 {[%emt 0:01:47]} Kd6 {[%emt 0:00:30]} 34. Rb5 {[%emt 0:00:49]} h6 {[%emt 0:01:13]} 35. Kf3 {[%emt 0:01:49]} Rf7+ {[%emt 0:00:16]} 36. Kg3 {[%emt 0:00:11]} Ra7 {[%emt 0:00:26]} 37. f4 {[%emt 0:00:17]} Ra8 {[%emt 0:01:21]} 38. Kf3 {[%emt 0:00:20]} Ke7 {[%emt 0:01:42]} 39. Ke4 {[%emt 0:00:42]} Kf6 {[%emt 0:00:14]} 40. c5 {[%emt 0:00:12]} Ra6 {[%emt 0:00:44]} 41. Rb6 {[%emt 0:00:32]} Ra7 {[%emt 0:00:34]} 42. c6 {[%emt 0:00:59]} g5 {[%emt 0:00:25]} 43. fxg5+ {[%emt 0:00:51]} Kxg5 {[%emt 0:00:05]} 44. Ke5 {[%emt 0:00:19]} Kh4 {[%emt 0:00:10]} 45. Rb7 {[%emt 0:00:54]} Ra6 {[%emt 0:00:11] Kd5} 1-0

[Event "POR-chT 1st League 2017"]
[Site "Leiria"]
[Date "2017.07.23"]
[Round "9"]
[White "Iturrizaga Bonelli, Eduardo"]
[Black "Sprenger, Jan Michael"]
[Result "1-0"]
[WhiteElo "2664"]
[BlackElo "2514"]
[Annotator "TA"]
[PlyCount "63"]
[EventDate "2017.??.??"]
[EventType "team-tourn"]
[EventCountry "POR"]
[SourceTitle "playchess.com"]
[Source "ChessBase"]
[SourceQuality "1"]

{[%evp 18,63,40,26,32,30,47,40,43,45,43,51,35,32,37,47,60,53,67,66,70,70,88,87,95,112,126,132,133,124,114,116,141,137,140,118,235,257,314,314,309,322,326,318,406,428,413,413]} 1. Nf3 d5 2. d4 Nf6 3. c4 dxc4 4. e3 e6 5. Bxc4 c5 6. O-O a6 7. b3 Nc6 8. Bb2 cxd4 9. Nxd4 Bd7 10. Nd2 Be7 {D27: Queen's Gambit Accepted: Classical main line: 7 e4!? and 7 a4} 11. N4f3 b5 (11... O-O 12. Rc1 Rc8 13. Qe2 Nb4 14. a3 b5 15. axb4 bxc4 16. Nxc4 Bxb4 {½-½ (58) Giri,A (2771)-Caruana,F (2823) London 2016}) 12. Bd3 Nb4 {White is slightly better.} 13. Be2 $146 ({Predecessor:} 13. Bb1 Bc6 14. Qe2 Nbd5 15. g3 b4 16. Ne4 Bb5 {0-1 (16) Schulze,U (2322)-Donchenko,A (2460) Bad Zwesten 2006}) 13... Bc6 14. a3 Nbd5 15. Ne5 Bb7 16. a4 $36 {[%mdl 2048] White is pushing.} b4 17. Rc1 Rc8 18. Ndc4 O-O 19. Bf3 Bc5 20. Qe2 a5 21. Rfd1 Qc7 22. Nd3 Ba6 23. Nxc5 Qxc5 24. Bd4 Qc7 25. Qb2 {[#] Hoping for Nb6.} Bxc4 26. Rxc4 Qb8 (26... Qe7 $16 {was worth a try.} 27. Rdc1 Rxc4 28. Rxc4 (28. bxc4 Nc7 $16) 28... Qd8) 27. Bxd5 $1 $18 exd5 28. Rxc8 Qxc8 29. Bxf6 gxf6 30. Qxf6 Qc3 31. Qg5+ Kh8 32. Qxd5 {Precision: White = 95%, Black = 51%.} 1-0

[Event "POR-chT 1st League 2017"]
[Site "Leiria"]
[Date "2017.07.23"]
[Round "9"]
[White "Fier, Alexandr"]
[Black "Luch, Michal"]
[Result "1-0"]
[WhiteElo "2589"]
[BlackElo "2393"]
[Annotator "TA"]
[PlyCount "177"]
[EventDate "2017.??.??"]
[EventType "team-tourn"]
[EventCountry "POR"]
[SourceTitle "playchess.com"]
[Source "ChessBase"]
[SourceQuality "1"]

{[%evp 13,177,28,33,3,8,8,5,0,11,-25,16,-21,-22,-17,-25,-31,-27,-50,-53,-84,-95,-91,-102,-108,-106,-102,-37,-28,-34,-29,-1,-2,0,0,0,0,0,0,0,0,0,0,0,0,0,0,0,0,0,0,0,0,0,0,0,0,0,0,0,0,0,0,0,0,0,0,0,0,0,0,0,0,0,0,3,0,3,3,3,3,3,3,3,3,3,0,0,0,0,0,0,0,3,0,0,0,5,0,3,0,0,0,0,0,0,0,8,9,9,1,4,0,9,0,5,0,13,0,0,0,0,0,13,0,13,13,212,22,27,0,0,0,0,0,0,0,0,0,0,0,0,0,28,29,133,107,105,93,311,301,328,287,363,258,333,305,2488,2041,2168,1536,12842,12842,12845,12845,12848,12849]} 1. d4 Nf6 2. c4 e6 3. Nf3 d5 4. Nc3 Bb4 5. cxd5 exd5 6. Bg5 Qd6 7. Nd2 Bf5 {LiveBook: 9 Games. D38: Queen's Gambit Declined: Ragozin Defence (4 Nf3 Bb4)} 8. a3 (8. e3 c6 9. Qb3 Ne4 10. Ndxe4 Bxe4 11. a3 Bxc3+ 12. bxc3 b6 13. Qb4 Qxb4 14. cxb4 a6 15. a4 {1-0 (45) Nakamura,H (2779)-Nguyen,N (2629) Doha 2016}) 8... Bxc3 9. bxc3 Nbd7 {The position is equal.} 10. e3 O-O $146 ({Predecessor:} 10... c5 11. Be2 O-O 12. O-O Ne4 13. Nxe4 Bxe4 14. Bf4 Qg6 15. f3 {1-0 (79) Kovalenko,I (2650)-Ladva,O (2387) Riga 2014}) 11. Qb3 Qb6 12. c4 (12. f3 {seems wilder.} Qxb3 13. Nxb3 Rfe8 14. h4 Bg6 15. g4) 12... c5 $36 {[%mdl 2048] Black fights for an advantage.} 13. Qxb6 axb6 14. dxc5 bxc5 15. cxd5 Nxd5 16. Bb5 Nc3 17. Bxd7 Bxd7 18. f3 f6 19. Bf4 Ra4 (19... Be6 $17 20. e4 Rfd8) 20. Kf2 $1 $15 Rfa8 21. Nb1 $1 {[%cal Rb1c3]} Nxb1 (21... Nd5 {looks sharper.} 22. Rd1 Be6 23. Bd6 b6 24. Rxd5 Bxd5 25. Nc3 Bb3) 22. Raxb1 Bc6 23. Bd6 Rxa3 24. Bxc5 Ra2+ 25. Kg3 R8a5 26. Rhc1 Rd2 27. Ra1 Rb5 28. h4 Rbb2 29. Rg1 h5 (29... Kf7 {feels hotter.} 30. Bd4 Rbc2 31. Bb6 Kg6 32. Rad1 Re2) 30. Ba3 Ra2 31. Rxa2 Rxa2 $11 {[%mdl 4096] Endgame KRB-KRB} 32. Bc5 Kf7 33. Bd4 Ke6 34. Kf4 Kf7 35. Kg3 Ke6 36. Rd1 Kf7 (36... Ba4 $5 {[%cal Ra4d1]} 37. Rc1 Bc2 $11) 37. Rc1 Ke6 38. Rc5 g6 39. Rc1 Kf7 40. Rd1 Ba4 41. Rb1 Bc6 42. Bb6 Ra8 43. Rd1 Re8 (43... Ra6 $5 {[%cal Ra6b6]} 44. Bd4 Ra4 $11) 44. Kf4 Re6 45. Bd4 Re8 46. Ra1 Re6 47. Ra5 Re8 48. Kg3 Re6 49. Kf4 Re8 50. e4 Rd8 51. Ke3 (51. Bb6 {is more complex.} Rd2 52. Kg3 Ke6 53. Be3 Rc2 54. Bb6) 51... Re8 52. Bc3 Re6 53. Kf4 Re8 54. Ra2 Re6 55. Re2 Re8 56. e5 fxe5+ 57. Bxe5 Ra8 58. Kg5 Ra5 59. Kh6 Ra8 60. Rd2 Re8 61. Bc3 Re6 62. Kh7 Be8 63. Rb2 Bc6 64. Bd4 Rd6 65. Rb4 Re6 66. Bc3 Ke7 67. Rf4 Be8 68. Kg7 Kd7 69. Rd4+ Rd6 $2 {[#]} (69... Kc7 $11 {and Black stays safe.}) 70. Rb4 $2 (70. Kf8 $1 $18 {Black must now prevent Rxd6+.} Rxd4 71. Bxd4) 70... Kc6 71. Bf6 (71. Re4 $5 {[%cal Re4e8]} Rd8 72. Ba5 $14) 71... Re6 72. Rc4+ Kd5 73. Rd4+ Kc5 {...Rxf6! is the strong threat.} 74. Rd8 b5 75. g4 hxg4 76. fxg4 b4 77. g5 Kc4 78. Kf8 Bc6 (78... Ba4 $1 $11) 79. Kf7 $16 Re4 80. Rc8 Kb5 $2 (80... Kd5 $16) 81. Rh8 $18 b3 82. Kxg6 Re2 83. Rb8+ Kc4 84. h5 {[%cal Bh4h5,Bh5h6,Bh6h7][%mdl 32]} Bb5 $2 (84... Re6 85. Kg7 Be4) 85. Rc8+ {White is clearly winning.} Kd5 86. Rd8+ Ke6 87. h6 b2 {[#]} 88. Bxb2 $1 {[%mdl 512]} Rxb2 89. h7 {Precision: White = 70%, Black = 52%.} 1-0

[Event "POR-chT 1st League 2017"]
[Site "Leiria"]
[Date "2017.07.23"]
[Round "9"]
[White "Larino Nieto, David"]
[Black "Cuenca, Jose Fdo"]
[Result "1/2-1/2"]
[WhiteElo "2495"]
[BlackElo "2498"]
[Annotator "TA"]
[PlyCount "19"]
[EventDate "2017.??.??"]
[EventType "team-tourn"]
[EventCountry "POR"]
[SourceTitle "playchess.com"]
[Source "ChessBase"]
[SourceQuality "1"]

{[%evp 9,19,-21,-17,-6,-2,-32,-4,-14,-11,-11,-16,-31]} 1. d4 Nf6 2. Bg5 d5 3. Bxf6 exf6 4. e3 Bd6 5. g3 O-O 6. Bg2 {D00: 1 d4 d5: Unusual lines} c6 7. c3 (7. Nd2 Be6 8. Ne2 Nd7 9. O-O f5 10. Rc1 Nf6 11. c4 dxc4 12. Nxc4 Bd5 13. Bxd5 Nxd5 {½-½ (22) Safarli,E (2657)-Iturrizaga Bonelli,E (2641) Berlin 2015}) 7... f5 $146 ({NOTEXT:} 7... Re8 8. Ne2 Nd7 9. O-O Nf8 10. Nd2 Bg4 11. Re1 Qd7 12. a3 {1-0 (44) Daka,J (2164)-Masango,S (2232) Lusaka 2017}) 8. Ne2 {The position is equal.} Nd7 9. O-O Nf6 10. Nf4 1/2-1/2

[Event "POR-chT 1st League 2017"]
[Site "Leiria"]
[Date "2017.07.23"]
[Round "9"]
[White "Petkov, Vladimir"]
[Black "Trigo Urquijo, Sergio"]
[Result "1-0"]
[WhiteElo "2489"]
[BlackElo "2389"]
[Annotator "TA"]
[PlyCount "121"]
[EventDate "2017.??.??"]
[EventType "team-tourn"]
[EventCountry "POR"]
[SourceTitle "playchess.com"]
[Source "ChessBase"]
[SourceQuality "1"]

{[%evp 18,121,37,22,27,0,28,29,27,35,27,-7,20,10,13,11,11,22,13,13,23,13,13,14,16,22,111,92,96,85,75,0,0,0,0,-6,0,-14,19,16,77,67,89,92,367,75,75,75,78,76,78,73,80,77,90,74,221,221,221,221,191,210,183,110,155,155,158,146,29936,12845,29971,29974,29971,29968,29950,12652,29936,29946,29946,12813,12799,5281,5053,4827,29951,12809,6211,5037,4786,4770,4745,4719,4704,4683,4643,0,4580,4545,4293,1878,5065,4934,4133,1520,29984,0]} 1. d4 Nf6 2. c4 d6 3. Nf3 g6 4. Nc3 Bg7 5. g3 O-O 6. Bg2 Nbd7 7. O-O e5 8. h3 h6 9. dxe5 dxe5 10. Be3 c6 {E67: King's Indian: Fianchetto: 6...Nbd7} 11. Qd6 $146 ({Find the theoretical novelty and annotate with similar games:} 11. Qb3 Nh5 12. Rfd1 Qe7 13. c5 b6 14. Nd2 Nxc5 15. Qa3 Be6 16. Nde4 Rfc8 17. Nxc5 bxc5 18. Bxc5 {1-0 (26) Alfaro,W (2167)-Davila,C (2270) Managua 2016}) 11... Re8 12. Rfd1 Bf8 {White has an edge.} 13. Qd2 Kh7 14. c5 Qc7 15. b4 a5 16. a3 axb4 17. axb4 Rxa1 18. Rxa1 Nb8 19. g4 {[%cal Bg3g4,Bg4g5][%mdl 32]} Na6 20. g5 Rd8 21. Qb2 Nh5 (21... hxg5 $11 {remains equal.} 22. Nxg5+ (22. Bxg5 Bg7 $14) 22... Kg7) 22. Ne4 $1 $16 Bf5 23. gxh6 (23. Nxe5 $2 Bxe4 24. Bxe4 Bg7 $19) 23... f6 24. Nd6 (24. b5 $16 cxb5 25. Nfg5+ fxg5 26. Nxg5+ Kh8 27. c6 Bxh6 28. Qxb5) 24... Bxd6 $11 25. cxd6 Qxd6 26. b5 $132 {[%mdl 2048] White has counterplay} cxb5 27. Qxb5 Qd7 28. Qb6 {Threatens to win with Nh4.} Be6 (28... Rc8 $11) 29. Nd2 $16 Bd5 30. Ne4 Bc6 $2 {[%mdl 8192]} (30... Qe7 $16) 31. Nxf6+ $2 (31. Nc5 $1 $18 {[%cal Rc5d7] is the precise move to win.} Nxc5 32. Bxc6 (32. Qxc5 Bxg2 33. Kxg2 Nf4+ 34. Bxf4 exf4 $15)) 31... Nxf6 32. Bxc6 bxc6 33. Rxa6 {Ra7 is the strong threat.} Nd5 34. Qa7 Nxe3 35. Qxe3 {[%mdl 4096] Endgame Black must now prevent Ra7. KQR-KQR} Qd1+ 36. Kh2 Qd5 (36... Qd4 $16) 37. Ra7+ $1 $18 Rd7 38. Rxd7+ Qxd7 39. Qxe5 Kxh6 {[#] KQ-KQ} 40. h4 (40. Qh8+ $1 $18 Kg5 41. Qe5+ Kh6 42. Qh8+ Kg5 43. Qf8) 40... Qd8 41. Kg3 Kh7 42. h5 Qd1 $2 {[%mdl 8192] [#]} (42... gxh5 $16 43. Qxh5+ Kg7 44. Qg4+ Kf8 45. Qb4+ Kf7 46. Qb3+ Kg7 47. Qc3+ Kg8 48. Qc4+ (48. Qxc6 Qg5+ 49. Kf3 Qh5+ 50. Kf4 Qh4+ 51. Ke5 Qg5+ 52. Ke4 Qg4+ 53. Ke3 Qg5+ 54. Kf3 Qh5+ 55. Kf4 Qh4+ 56. Ke5 Qg5+ 57. Ke4 Qg4+ 58. Ke3 Qg5+ 59. Kf3 $16) 48... Kg7 49. Qg4+ Kf7 50. Qf3+ Kg8 51. Qg4+ (51. Qxc6 Qg5+ 52. Kf3 Qh5+ 53. Kf4 Qh4+ 54. Ke5 Qg5+ 55. Ke4 Qg4+ 56. Ke3 Qg5+ 57. Kf3 Qh5+ 58. Kf4 Qh4+ 59. Ke5 Qg5+ 60. Ke4 Qg4+ 61. Ke3 Qg5+ 62. Kf3 $16) 51... Kf7 52. Qf3+ Kg8 53. Qg4+ (53. Qxc6 Qg5+ 54. Kf3 Qh5+ 55. Kf4 Qh4+ 56. Ke3 Qg5+ 57. Kf3 Qh5+ 58. Kf4 Qh4+ 59. Ke3 Qg5+ 60. Kf3 $16) 53... Kf7) 43. Qe7+ $1 Kh6 44. Qf8+ Kh7 45. Qf7+ Kh8 46. Qe8+ (46. hxg6 $142 Qg1+ 47. Kf3 Qh1+ 48. Kf4 Qh6+ 49. Ke4 c5 50. Kd3 Qh3+ 51. f3 c4+ 52. Kc2) 46... Kh7 47. Qxg6+ Kh8 48. Qe8+ (48. Qh6+ $142 Kg8 49. Qxc6 Qe1 50. Qe4 Kh8 51. h6 Qc3+ 52. e3 Kg8 53. Qd4 Qc7+ 54. f4) 48... Kh7 49. Qe4+ (49. Qxc6 $142 Qg1+ 50. Qg2) 49... Kh8 50. Kf4 Qf1 51. Qe8+ Kg7 52. h6+ Kxh6 53. Qxc6+ Kg7 54. Qc7+ Kf6 55. Qb6+ Kf7 56. Qc7+ Kf6 $1 57. Qe5+ Kf7 58. f3 Qf2 59. Kf5 Qf1 60. Qc7+ Ke8 61. Ke4 $2 {[%mdl 32768] Precision: White = 73%, Black = 32%. . Sensor Board Error (Ke4/e5)?} (61. Kf6 {NOTEXT} Qa1+ 62. Qe5+ Qxe5+ 63. Kxe5 Ke7 64. e4 Kf7 65. Kd6 Kf8 66. e5) 1-0

[Event "POR-chT 1st League 2017"]
[Site "Leiria"]
[Date "2017.07.23"]
[Round "9"]
[White "Gonzalez Perez, Arian"]
[Black "Moura, Antonio Jose Brito "]
[Result "1-0"]
[WhiteElo "2461"]
[BlackElo "1979"]
[Annotator "TA"]
[PlyCount "31"]
[EventDate "2017.??.??"]
[EventType "team-tourn"]
[EventCountry "POR"]
[SourceTitle "playchess.com"]
[Source "ChessBase"]
[SourceQuality "1"]

{[%evp 20,31,74,83,125,144,140,123,202,185,277,267,443,443]} 1. e4 c5 2. Nf3 Nc6 3. d4 cxd4 4. Nxd4 Nf6 5. Nc3 e5 6. Ndb5 d6 7. Bg5 a6 8. Na3 b5 9. Bxf6 gxf6 10. Nd5 Be6 11. c3 f5 {B33: Sicilian: Pelikan and Sveshnikov Variations} 12. exf5 Bxd5 13. Qxd5 Rc8 (13... Ne7 $16 {keeps fighting.} 14. Qf3 d5) (13... Ne7 14. Qe4 Bg7 15. Qf3 Bf6 16. Nc2 d5 17. O-O-O e4 18. Qf4 Qb6 19. f3 {1-0 (31) Vozda,J (2432)-Schueppel,R (2475) ICCF email 2012}) 14. Nc2 Qb6 (14... Bh6 $142 15. a4 O-O 16. axb5 axb5 17. Bxb5 Nd4) 15. f6 $146 ({Find the theoretical novelty and annotate with similar games:} 15. Ne3 h5 16. Qf3 b4 17. Bc4 Bh6 18. Nd5 Qa5 19. O-O bxc3 20. bxc3 {1-0 (33) Manninen,M (2365)-Rauramaa,K Finland 1998}) 15... Qd8 $2 {[#]} (15... Nb8 {is a better defense.} 16. Be2 h5) 16. a4 1-0

[Event "POR-chT 1st League 2017"]
[Site "Leiria"]
[Date "2017.07.23"]
[Round "9"]
[White "Brodowski, Piotr"]
[Black "Reis, Luis Sousa"]
[Result "1/2-1/2"]
[WhiteElo "2442"]
[BlackElo "2182"]
[Annotator "TA"]
[PlyCount "54"]
[EventDate "2017.??.??"]
[EventType "team-tourn"]
[EventCountry "POR"]
[SourceTitle "playchess.com"]
[Source "ChessBase"]
[SourceQuality "1"]

{[%evp 17,54,8,22,25,22,5,10,14,16,0,5,12,24,20,20,-4,-2,-6,-9,-15,-16,-12,0,0,0,0,0,0,0,0,0,0,0,0,0,0,0,0,0]} 1. c4 e5 2. g3 Nf6 3. Bg2 c6 4. d4 exd4 5. Qxd4 d5 6. cxd5 cxd5 7. Nf3 {A20: English Opening: 1...e5} Nc6 8. Qd1 (8. Qa4 Bc5 9. O-O O-O 10. Bg5 Re8 11. Qb5 Bb6 12. Nc3 d4 13. Bxf6 Qxf6 14. Nd5 Qf5 15. a4 d3 16. exd3 Bd8 17. Nd4 Qd7 {1-0 (40) Agdestein,S (2606)-Romanov,E (2573) Berlin 2015}) 8... Be7 9. O-O O-O {LiveBook: 8 Games} 10. Nc3 Be6 11. Ng5 Qd7 12. Nxe6 fxe6 13. Bd2 $146 ({Find the theoretical novelty and annotate with similar games:} 13. Bh3 Kh8 14. Nb5 Bc5 15. Bf4 Nh5 16. Bg5 {1-0 (60) Sedlacek,J (2064)-Jenc,M (1925) Czechia 2010}) 13... Rf7 14. Qa4 Raf8 15. Rad1 Bc5 {The position is equal.} 16. Bf4 Qe7 17. Bg5 h6 18. Bc1 Ne5 {[#] Strongly threatening ...Nfg4.} 19. h3 Nh5 20. e3 Nf3+ 21. Kh1 $1 Ne5 22. Kg1 Nf3+ 23. Kh1 $1 Ne5 24. Kg1 Nf3+ 25. Kh1 $1 Ne5 26. Kg1 Nf3+ 27. Kh1 $1 Ne5 {Precision: White = 72%, Black = 85%.} 1/2-1/2

[Event "POR-chT 1st League 2017"]
[Site "Leiria"]
[Date "2017.07.23"]
[Round "9"]
[White "Iruzubieta Villaluenga, Jesus M"]
[Black "Ftacnik, Lubomir"]
[Result "1/2-1/2"]
[WhiteElo "2428"]
[BlackElo "2551"]
[Annotator "TA"]
[PlyCount "236"]
[EventDate "2017.??.??"]
[EventType "team-tourn"]
[EventCountry "POR"]
[SourceTitle "playchess.com"]
[Source "ChessBase"]
[SourceQuality "1"]

{[%evp 15,236,43,51,51,67,35,60,61,61,0,0,-18,-25,-20,-11,-24,-7,-95,-31,-27,-35,-23,-27,-40,-43,-37,0,-60,0,-59,-60,-53,-57,-69,-66,-67,-46,-137,-79,-128,-104,-274,-245,-264,-261,-383,-200,-419,-259,-284,-275,-282,-288,-286,-298,-275,-251,-258,-214,-235,-146,-152,-152,-264,-270,-271,0,-47,-49,-41,0,-253,-256,-222,-214,-345,-335,-302,-222,-237,-214,-221,-214,-214,-214,-214,-214,-214,-214,-214,-214,-214,-214,-214,-214,-214,-193,-214,-214,-214,-214,-214,-214,-214,-214,-214,-214,-214,-214,-214,-214,-214,-214,-214,-214,-214,-214,-214,-214,-214,-214,-214,-214,-214,-214,-214,-214,-214,-214,-214,-214,-214,-214,-214,0,-214,-214,-214,-214,-214,-214,-214,-214,-214,-214,-214,-214,-214,-214,-214,-214,-214,-214,-214,-214,-214,-214,-214,0,-214,-214,-214,-214,-214,-214,-214,-214,-214,-214,-214,-214,-214,0,-214,-214,-214,-214,-214,-102,-102,-102,-102,-102,-102,-102,-102,-102,-102,-102,-102,-102,-102,-102,-102,-102,-102,0,-102,0,-102,-8,-102,0,-102,-102,-102,-102,-102,-59,-105,-87,-112,-102,-102,-8,-102,-33,-102,-8,-8,-8,-8,-8]} 1. e4 c5 2. Nf3 d6 3. d4 cxd4 4. Nxd4 Nf6 5. Nc3 e6 6. g4 h6 7. Rg1 Nc6 8. Be3 Be7 9. Qf3 {B81: Sicilian Scheveningen: Keres Attack} Nxd4 10. Bxd4 e5 11. Be3 {White is slightly better.} Be6 12. Bb5+ (12. h4 $1 $14) (12. h4 Nh7 13. g5 hxg5 14. Bh3 Bxh3 15. Qxh3 Nf8 16. h5 Qd7 {1-0 (46) Ni,H (2704)-Xu,Y (2443) China 2015}) 12... Kf8 $1 $11 13. h4 $146 {[%cal Bh2h4,Bh4g5][%mdl 32]} ({Predecessor:} 13. Ba4 Qa5 14. Bb3 Rc8 15. Bd2 Bxb3 16. cxb3 {1-0 (45) Steingrimsson,H (2551)-Baumegger,S (2440) Plovdiv 2008}) 13... Rc8 14. g5 (14. Bxa7 $2 Qa5 $19) 14... hxg5 15. hxg5 Rh3 16. Qe2 (16. Rg3 $11 Rxg3 17. Qxg3 Nxe4 18. Qh4) 16... Nh5 (16... Ng4 $1 $17 {[%cal Rg4e3]} 17. Rxg4 Rxc3 18. bxc3 Qc8) 17. O-O-O Nf4 18. Bxf4 exf4 19. Nd5 Bxg5 20. Kb1 Bh6 (20... Bf6 $5) 21. Qd2 (21. f3 $11) 21... Rh5 (21... Rc5 $15 22. Bd3 f3) 22. Rh1 (22. Bc4 $1 $11) 22... Rxh1 $15 23. Rxh1 Qg5 24. Rd1 Qe5 25. f3 g5 {[%cal Bg7g5,Bg5g4][%mdl 32]} 26. c3 (26. Qa5 $15) 26... Rc5 (26... g4 $142 $1 {[%cal Rg4f3]} 27. Ba4 Rc5) 27. Be2 f5 $36 {[%mdl 2048] Black has strong initiative.} 28. Ka1 $2 (28. Bd3 $17) 28... fxe4 $19 29. fxe4 g4 (29... Qxe4 30. Nxf4 $1 {[%mdl 512]} gxf4 31. Qxd6+ Kf7 32. Qxc5 $17) 30. Nxf4 (30. Rf1 $142) 30... Kg8 ({Not} 30... Bxf4 31. Rf1 $17) (30... Qxf4 $142 31. Qxf4+ Bxf4) 31. Rf1 $2 (31. Nd3 Bxd2 32. Nxe5 Rxe5 33. Rxd2) 31... Rc7 32. Qd1 Bxf4 33. Bxg4 Bf7 34. Qf3 Bh6 35. Bf5 Bc4 36. Rh1 Rg7 37. Qh5 Be3 38. Qh8+ Kf7 39. Qc8 (39. Qd8 $17 {was the only defense.} Bc5 40. Bg4) 39... b5 40. Bg4 Qxe4 $2 (40... Rg8 $19 41. Qc7+ Kf6) 41. Bh5+ Kf6 42. Qf8+ Rf7 (42... Ke6 $5 {[%cal Re4h1]} 43. Rd1 Qe5 44. Bg4+ Rxg4 45. Qc8+ Ke7 46. Qxg4 Bb6 $17) 43. Rf1+ $2 {[%mdl 8192]} (43. Qxd6+ $11 {and White stays safe.} Qe6 44. Qg3) 43... Bxf1 44. Qxf7+ Kg5 45. Qxf1 (45. Bf3 $142 Qg6 46. Qe7+ Kf4 47. Bc6) 45... Kxh5 46. Qxb5+ Kg6 47. a3 Bb6 48. Qd7 Qh1+ 49. Ka2 Qd5+ 50. Ka1 Kf6 51. Qe8 Qf7 52. Qe4 Qe6 53. Qh4+ Kf7 54. Qh7+ Ke8 55. Qb7 Qd7 56. Qa8+ Ke7 57. Qg8 Qf5 58. Qb8 Qf1+ 59. Ka2 Qc4+ 60. Ka1 Kd7 61. Qb7+ Qc7 62. Qf3 Qc6 63. Qf7+ Kc8 64. Qe7 d5 65. Qf8+ Kb7 66. Qe7+ Ka6 67. Qe2+ Qc4 68. Qe6 Qc5 69. Qd7 Bc7 70. Ka2 Kb7 71. Ka1 Qc6 72. Qg4 a5 73. Qf5 Qb5 74. Qe6 Qc6 75. Qf5 $1 Bb6 76. Qf7+ Ka6 77. Qf5 Qc5 78. Qe6 a4 79. Ka2 Qc4+ 80. Ka1 Ka5 81. Qg8 Qc6 82. Qf8 Ka6 83. Qf5 Qb5 84. Qc8+ Ka7 85. Qf5 Qc6 86. Qf7+ Ka6 $2 (86... Bc7 $19 87. Kb1 Kb6 88. Qf2+ Ka6 89. Qe2+ Ka5) 87. Qf1+ $2 (87. Qf5 $1 $11 Ka5 88. Kb1) 87... Qb5 88. Qf8 Qc5 89. Qa8+ Ba7 90. Qe8 Qc4 91. Qg6+ Ka5 92. Qe6 Bc5 93. Qc6 Ba7 $2 (93... Bg1 $19 94. Qa8+ Kb5) 94. Qb7 $2 (94. Qe6 $1 $11 {and White has nothing to worry.} Qf1+ 95. Ka2 Qc4+ 96. Ka1) 94... Qc5 95. Ka2 Bb6 96. Ka1 d4 (96... Qc4 $19 {and Black stays clearly on top.} 97. Qa8+ Kb5 98. Qe8+ Ka6 99. Qa8+ Kb5) 97. cxd4 $17 Qc1+ 98. Ka2 Qc4+ 99. Ka1 Bxd4 100. Qa8+ Kb6 {( -> ...Qc1+)} 101. Qb8+ Ka6 102. Qa8+ {[#]} Ba7 $1 103. Kb1 Qd3+ 104. Ka2 Qb3+ 105. Kb1 Qd3+ 106. Ka2 $1 Qc4+ 107. Kb1 Qc5 (107... Kb6 $17 108. Qe8 Ka6 109. Qg6+ Bb6) 108. Ka2 {[#]} (108. Qe4 $1 $11) 108... Qc4+ (108... Qd4 $1 $17 {[%cal Rd4c4] ...Qc4+ is the strong threat.} 109. Qc6+ Bb6 110. Qa8+ Ba7 111. Qc6+ Bb6 112. Qa8+ Ba7) 109. Ka1 (109. Kb1 $11 {was the only way to keep the balance.} Qf1+ 110. Ka2 Qf7+ 111. Kb1) 109... Kb6 {And now ...Qf1+ would win.} (109... Qc1+ $2 110. Ka2 $19) 110. Kb1 Qd3+ 111. Ka2 Qd7 112. Ka1 Kc5 {Threatens to win with ...Qd1+.} (112... Qd1+ $2 113. Ka2 $19) 113. Qe4 Qd4 114. Qe7+ Kc4 (114... Kc6 $17 {White must now prevent ...Bc5.} 115. Qe8+ Kb7 116. Qf7+ Ka6 117. Qe6+ Bb6) 115. Ka2 (115. Qb4+ $1 $11 Kd5 116. Qb7+ Kd6 117. Qb4+ Kd5 118. Qb7+ Kd6 119. Qb4+ Ke5 120. Qe7+ Kf5 121. Qf7+ Kg5 122. Qe7+ Kh5 123. Qh7+ Kg5 124. Qe7+ Kf4 125. Qf7+ Kg5 126. Qe7+) 115... Bc5 ({Black should play} 115... Kb5 $17 116. Qe8+ Kb6 117. Qe6+ Kb5 118. Qe8+ Ka5 119. b4+ axb3+ 120. Kxb3 Qd3+ 121. Kb2 Qd2+ 122. Kb3 Qd3+ 123. Kb2 Qd2+ 124. Kb3 Qd3+) 116. Qf7+ ({Better is} 116. Qb7 $15) 116... Kd3 (116... Kb5 $17 {Hoping for ...Qc4+.} 117. Qe8+ Kb6 118. Qb8+ Ka6 119. Qc8+ Kb6 120. Qb8+ Kc6 121. Qc8+ Kb6 122. Qb8+) 117. Qf3+ $11 Kd2 {aiming for ...Bd6.} 118. Qg2+ Ke1 {Precision: White = 45%, Black = 58%.} 1/2-1/2